|
|
|
|
| LEADER |
01274naa a2200265 i 4500 |
| 001 |
acta45859 |
| 005 |
20230607141134.0 |
| 008 |
170621s1977 hu o 1|| hun d |
| 040 |
|
|
|a SZTE Egyetemi Kiadványok Repozitórium
|b hun
|
| 041 |
|
|
|a hun
|
| 100 |
1 |
|
|a Hegedűs T. András
|
| 245 |
1 |
3 |
|a Az egészségügyi gyermekotthonban ápolt gyermekek komplex vizsgálata - egy MEDREK-alkalmazás
|h [elektronikus dokumentum] /
|c Hegedűs T. András
|
| 260 |
|
|
|c 1977
|
| 300 |
|
|
|a 537-540
|
| 490 |
0 |
|
|a Számítástechnikai és kibernetikai módszerek alkalmazása az orvostudományban és a biológiában
|v 7
|
| 650 |
|
4 |
|a Természettudományok
|
| 650 |
|
4 |
|a Számítás- és információtudomány
|
| 650 |
|
4 |
|a Orvos- és egészségtudomány
|
| 650 |
|
4 |
|a Egészségtudományok
|
| 695 |
|
|
|a Számítógép alkalmazása - orvostudomány, Számítógép alkalmazása - adatfeldolgozás, Egészségügyi szervezés
|
| 700 |
0 |
1 |
|a Szondy Mária
|e aut
|
| 700 |
0 |
1 |
|a Széphalmi Géza
|e aut
|
| 700 |
0 |
1 |
|a Lánc Margit
|e aut
|
| 711 |
|
|
|a Számítástechnikai és kibernetikai módszerek alkalmazása az orvostudományban és a biológiában
|c Szeged
|d 1976. november 29. - december 1.
|
| 856 |
4 |
0 |
|u http://acta.bibl.u-szeged.hu/45859/1/szamtech_orvost_koll_007_537-540.pdf
|z Dokumentum-elérés
|